| 000 | 00425nam a2200181Ia 4500 | ||
|---|---|---|---|
| 001 | 3990 | ||
| 005 | 20260306145723.0 | ||
| 008 | 260306t2004||||xx |||||||||||||| ||spa|| | ||
| 041 | _aESP | ||
| 082 |
_a306.0985 _bLL724 |
||
| 100 |
_aLlanque Chana, Domingo _eAUT |
||
| 245 | 0 | _aVida y teología andina | |
| 260 | _c2004 | ||
| 300 |
_a223 páginas : _c24 cm. |
||
| 650 | _aGEN | ||
| 654 | _aCHU | ||
| 942 |
_cLIB _dJUS _fJUS _2ddc _n |
||
| 999 |
_c3990 _d3990 |
||